Statistics for Highest Grossing Film Franchises

Click here to take the quiz!

General Stats

  • This quiz has been taken 25 times
  • The average score is 15 of 25

Answer Stats

RankTotal GrossNumber of filmsMost Recent FilmFranchise% Correct
4$7,770,377,0004EndgameAvengers
100%
5$7,213,542,9719Far From HomeSpider-Man
100%
2$10,315,843,64612The Rise of SkywalkerStar Wars
100%
7$6,070,349,02516JokerBatman
90%
6$7,041,394,77126SpectreJames Bond
86%
20$3,043,569,7984Toy Story 4Toy Story
81%
22$2,740,026,9332Frozen 2Frozen
76%
25$2,423,918,8053Iron Man 3Iron Man
76%
24$2,554,837,5489Death of SupermanSuperman
76%
10$5,893,952,2799Hobbs & ShawThe Fast and The Furious
76%
23$2,625,427,1712The Lion KingThe Lion King
76%
21$2,968,191,4424Mockingjay – Part 2The Hunger Games
67%
13$4,853,126,0737BumblebeeTransformers
67%
1$22,587,809,61523Spider-Man: Far From HomeMCU
57%
15$3,708,073,6764Despicable Me 3Despicable Me
52%
17$3,510,794,4825Puss in BootsShrek
52%
12$4,998,557,3805Fallen KingdomJurassic Park
43%
9$5,947,221,9477The Battle of the Five ArmiesMiddle-earth
38%
16$3,570,477,2276FalloutMission: Impossible
38%
14$4,524,439,7615Dead Men Tell Know TalesPirates of the Caribbean
38%
19$3,217,251,6815Collision CoureIce Age
29%
3$9,194,451,31710The Crimes Of GrindlewaldWizarding World
29%
11$5,482,790,5628Birds of PreyDC Extended Universe
19%
8$6,036,347,73612Dark PhoenixX-Man
14%
18$3,346,157,0565Breaking Bad - Part 2The Twilight Saga
10%

Score Distribution

Percentile by Number Answered

Percent of People with Each Score

Your Score History

You have not taken this quiz